<?xml version="1.0" encoding="UTF-8"?>
<record
    xmlns:xsi="http://www.w3.org/2001/XMLSchema-instance"
    xsi:schemaLocation="http://www.loc.gov/MARC21/slim http://www.loc.gov/standards/marcxml/schema/MARC21slim.xsd"
    xmlns="http://www.loc.gov/MARC21/slim">

  <leader>01075nam a22002297a 4500</leader>
  <controlfield tag="005">20150630140418.0</controlfield>
  <controlfield tag="008">150630b2006    ck ||||| |||| 00| 0 spa d</controlfield>
  <datafield tag="040" ind1=" " ind2=" ">
    <subfield code="a">CO-BoIAVH</subfield>
    <subfield code="c">CO-BoIAVH</subfield>
  </datafield>
  <datafield tag="041" ind1=" " ind2=" ">
    <subfield code="a">spa</subfield>
  </datafield>
  <datafield tag="044" ind1=" " ind2=" ">
    <subfield code="a">ck</subfield>
  </datafield>
  <datafield tag="090" ind1=" " ind2=" ">
    <subfield code="a">AR</subfield>
    <subfield code="b">01884</subfield>
  </datafield>
  <datafield tag="100" ind1="1" ind2=" ">
    <subfield code="a">Osorno Dur&#xE1;n, Nicolai</subfield>
    <subfield code="9">35074</subfield>
  </datafield>
  <datafield tag="245" ind1="1" ind2=" ">
    <subfield code="a">Protocolo de nidos artificiales de la Fundaci&#xF3;n ProAves/</subfield>
    <subfield code="c">Nicolai Osorno Dur&#xE1;n</subfield>
  </datafield>
  <datafield tag="260" ind1="3" ind2=" ">
    <subfield code="a">Bogot&#xE1;:</subfield>
    <subfield code="b">ProAves,</subfield>
    <subfield code="c">2006.</subfield>
  </datafield>
  <datafield tag="300" ind1=" " ind2=" ">
    <subfield code="a">A&#xF1;o 2006, Nro 2, Diciembre, Pag. 98-110.</subfield>
  </datafield>
  <datafield tag="504" ind1=" " ind2=" ">
    <subfield code="a">Incluye referencias bibliogr&#xE1;ficas (Pag. 108).</subfield>
  </datafield>
  <datafield tag="520" ind1=" " ind2=" ">
    <subfield code="a">Como respuesta a la gran amenaza que enfrentan varias de las especies de los loros de Colombia, en el a&#xF1;o 2003 se dio inicio al Programa Nidos Artificiales de la Fundaci&#xF3;n ProAves, en la Reserva Natural de las Aves El Mirador, departamento del Quind&#xED;o. </subfield>
  </datafield>
  <datafield tag="650" ind1=" " ind2="4">
    <subfield code="a">Nidaci&#xF3;n</subfield>
    <subfield code="x">Protocolo</subfield>
    <subfield code="z">Andes Colombianos</subfield>
    <subfield code="9">35075</subfield>
  </datafield>
  <datafield tag="650" ind1=" " ind2="4">
    <subfield code="a">Loros amenazados</subfield>
    <subfield code="z">Andes Colombianos</subfield>
    <subfield code="9">35076</subfield>
  </datafield>
  <datafield tag="773" ind1="0" ind2=" ">
    <subfield code="d">Bogot&#xE1; :  Fundaci&#xF3;n ProAves,  2006-</subfield>
    <subfield code="o">038446</subfield>
    <subfield code="t">Revista Conservaci&#xF3;n Colombiana</subfield>
    <subfield code="x">19001592</subfield>
  </datafield>
  <datafield tag="942" ind1=" " ind2=" ">
    <subfield code="2">z</subfield>
    <subfield code="c">ARTICULO</subfield>
  </datafield>
  <datafield tag="999" ind1=" " ind2=" ">
    <subfield code="c">17501</subfield>
    <subfield code="d">17501</subfield>
  </datafield>
  <datafield tag="952" ind1=" " ind2=" ">
    <subfield code="0">0</subfield>
    <subfield code="1">0</subfield>
    <subfield code="2">z</subfield>
    <subfield code="4">0</subfield>
    <subfield code="7">1</subfield>
    <subfield code="8">HEMEROTECA</subfield>
    <subfield code="A">2006</subfield>
    <subfield code="C">2</subfield>
    <subfield code="a">Bogota</subfield>
    <subfield code="b">Bogota</subfield>
    <subfield code="d">2015-06-30</subfield>
    <subfield code="e">Fundaci&#xF3;n ProAves</subfield>
    <subfield code="h">Fuera de circulaci&#xF3;n</subfield>
    <subfield code="l">0</subfield>
    <subfield code="o">AR-01884</subfield>
    <subfield code="p">AUTO_29236</subfield>
    <subfield code="r">2015-06-30 00:00:00</subfield>
    <subfield code="t">Ej. 1</subfield>
    <subfield code="w">2015-06-30</subfield>
    <subfield code="y">ARTICULO</subfield>
  </datafield>
</record>
